• 首页
  • 本馆介绍
  • 公告通知
  • 最新文献
  • 馆藏检索
  • 电子资源
  • 读者导购
  • 参考咨询
  • 我的图书馆
  • 登录
  • 详细信息显示
  • 放入我的书架
  • 预约/预借图书
  • 作者相关作品
  • 分类相关作品
  • 丛书相关作品
  • 出版社相关作品

书目信息

  • 表格格式
  • 工作单格式
  • 卡片格式
书名: Modern Europe
作者: [by] Peter Gay [and] R. K. Webb.
分册号:
分册名:
出版地: New York :
 
出版社: Harper & Row
出版时间: [1972-1973].
页数: 2 v. (xiv, 1122, xxxiii p.) :
开本: 24 cm.
丛书名:
中图分类号:
科图分类号:
其他分类号: K504
主题词:
电子资源:
000 00983cam a2200313 450
001 E0755593375
005 20070506152839.42
008 730130m19721973nyub b 001 0 eng
010    @a72084327
020    @a0060422831.
035    @A(DLC) 72084327
040    @aDLC@cDLC@dDLC
043    @ae------
050 00 @aD208@b.G34
082 00 @a914/.03
090    @aK504
099    @dK504@ex5
100 1  @aGay, Peter,@d1923-
245 10 @aModern Europe / @c[by] Peter Gay [and] R. K. Webb.
260    @aNew York :@bHarper & Row,@c[1972-1973].
300    @a2 v. (xiv, 1122, xxxiii p.) :@bmaps. ;@c24 cm.
504    @aIncludes bibliographies.
505 0  @a[1] To 1815.--[2] Since 1815.
651  0 @aEurope@xHistory@y1492-
700 1  @aWebb, R. K.@q(Robert Kiefer),@d1922-@ejoint author.
740    @aModern Europe since 1815.
740    @aModern Europe to 1815.
906    @a7@bcbc@corignew@d2@eopcn@f19@gy-gencatlg
991    @bc-GenColl@hD208@i.G34@tCopy 1@wBOOKS
    
    Modern Europe / / [by] Peter Gay [and] R. K. Webb.-New York : : Harper & Row, , [1972-1973].
    2 v. (xiv, 1122, xxxiii p.) : : maps. ; ; 24 cm.
    Includes bibliographies.-[1] To 1815.--[2] Since 1815.
    
    ISBN 0060422831.
    
●
相关链接 在E读中查询图书 在五车中查询图书 在当当中查询图书 在豆瓣中查询图书


正题名:Modern Europe     索取号:K504/x5         预约/预借

序号 登录号 条形码 馆藏地/架位号 状态 备注
1 0007459   300074595   第二样本阅览室/ [索取号:K504/x5] 在馆    
2 0007460   300074602   第四借阅区/ [索取号:K504/x5] 在馆    
唐山师范学院图书馆 欢迎您!
大连网信软件有限公司© 版权所有